| 000 | 00771nam a22002417a 4500 | ||
|---|---|---|---|
| 003 | DO-SdBNP | ||
| 005 | 20230602103443.0 | ||
| 007 | ta | ||
| 008 | 230602b1945 sp ||||| |||| 00| 0 spa d | ||
| 040 |
_aDO-SdBNP _bspa _cBNPHU _erda |
||
| 082 | 4 | _222 | |
| 100 |
_969331 _aPanero, Leopoldo, _d1909-1962 |
||
| 245 | 1 | 0 |
_aAntología de la poesía hispanomericana : _bdesde Rubén Darío hasta nuestros días / _cLeopoldo Panero |
| 264 | 1 |
_aMadrid : _bNacional, _c1945. |
|
| 300 |
_avolumen ; _c22 cm. |
||
| 336 |
_2rdacontent _atexto _btxt |
||
| 337 |
_2rdamedia _asin mediacián _bn |
||
| 338 |
_2rdacarrier _avolumen _bnc |
||
| 500 | _aLa biblioteca posee 1 ejemplar autografíado por el autor. | ||
| 590 | _aInventariado, 2023/BT | ||
| 910 | _aBtavárez | ||
| 942 |
_2ddc _cLBS1 |
||
| 999 |
_c53697 _d53697 |
||